| 000 | 00684nam a2200157 i 4500 | ||
|---|---|---|---|
| 001 | 40153 | ||
| 003 | ES-MaACL | ||
| 005 | 20230906160142.0 | ||
| 007 | t| | ||
| 008 | 030305s1892 sp ||||1| spa d | ||
| 100 | 1 |
_aCapdevila y Pujol, Mariano. _934805 |
|
| 245 | 1 | 3 |
_aUn apéndice a la conferencia pública ... sobre "datos para la exportación de nuestros vinos de pasto a Bélgica y demás mercados del Norte de Europa, y un proyecto de Sociedad para la reconstitución y explotación de nuestros viñedos destruidos por la filoxera / _cMariano Capdevila y Pujol. |
| 260 |
_aBarcelona : _b[s.n.], _c1892. |
||
| 650 | 4 |
_aFiloxera- _zEspaña. _9170320 |
|
| 852 |
_aES-MaACL _jT-679-F-12 |
||
| 999 |
_c40153 _d40153 |
||